|
|
|
|
| LEADER |
00000cam a2200000 i 4500 |
| 001 |
1/41359 |
| 008 |
070220s1987 gre d |
| 035 |
|
|
|l 10087065
|
| 040 |
|
|
|a GR-MY-UA
|b gre
|e aacr
|
| 041 |
0 |
|
|a gre
|
| 082 |
0 |
|
|a 342.495
|2 (22)
|
| 100 |
1 |
|
|a Μανιτάκης, Αντώνης Ν.,
|d 1944-
|
| 245 |
1 |
0 |
|a Συνταγματικό δίκαιο :
|b Αντικείμενο - μέθοδοι - σύνταγμα - συντακτική εξουσία /
|c Αντώνης Μανιτάκης
|
| 260 |
|
|
|a Θεσσαλονίκη :
|b Σάκκουλα,
|c 1987
|
| 300 |
|
|
|a 96 σ.;
|c 22 εκ.
|
| 500 |
|
|
|a Τεύχος Ι
|
| 504 |
|
|
|a Περιλαμβάνει βιβλιογραφικές παραπομπές
|
| 650 |
0 |
0 |
|a Constitutional law
|z Greece.
|
| 852 |
|
|
|a INST
|b CHIOS
|e 20070220
|h 342.495 ΜΑΝ
|p 005200029096
|q 005200029096
|t BK
|y 0
|
| 901 |
|
|
|a BIBL2-2007-1
|
| 909 |
|
|
|a Χ
|b 130897
|
| 970 |
|
|
|a ΒΑΣΙΛΑΚΗ
|b ΝΙΚΗ
|z 2007/02/20
|